[Event "NOR-ch Master"]
[Site "Larvik"]
[Date "2019.07.13"]
[Round "9"]
[White "Laverton, Christian"]
[Black "Abdrlauf, Elham"]
[Result "1/2-1/2"]
[WhiteElo "2115"]
[BlackElo "2235"]
[PlyCount "155"]
[EventDate "2019.07.05"]
[EventType "swiss"]
[EventRounds "9"]
[EventCountry "NOR"]
[SourceTitle "EXT 2024"]
[Source "ChessBase"]
[SourceDate "2023.10.10"]
[SourceVersion "1"]
[SourceVersionDate "2023.10.10"]
[SourceQuality "1"]

1. d4 d5 2. c4 c6 3. Nf3 e6 4. e3 f5 5. Bd3 Nf6 6. 0-0 Bd6 7. b3 0-0 8. Ba3 Bxa3 9. Nxa3 Qe7 10. Nb1 Nbd7 11. Qc2 Ne4 12. Ne1 b6 13. f3 Nd6 14. Nc3 Bb7 15. f4 dxc4 16. bxc4 c5 17. Nf3 Rac8 18. Qb3 cxd4 19. exd4 Bxf3 20. Rxf3 Qf6 21. Ne2 Nb8 22. Rc1 Nc6 23. Qc3 Rfd8 24. Re3 Kf7 25. c5 bxc5 26. dxc5 Qxc3 27. Nxc3 Nb4 28. cxd6 Nd5 29. Ba6 Nxe3 30. Bxc8 Rxc8 31. d7 Rd8 32. Re1 Nc4 33. Rd1 Nb6 34. Nb5 a5 35. Nd6+ Ke7 36. Nb7 Rxd7 37. Rxd7+ Kxd7 38. Nxa5 Nd5 39. g3 Nc3 40. a3 Nb5 41. Nc4 Kc6 42. Ne5+ Kb6 43. Nd7+ Kc6 44. Nf8 Nxa3 45. Nxe6 g6 46. Nf8 Kd6 47. Nxh7 Ke7 48. Kf2 Nc4 49. Ng5 Kf6 50. h3 Nb6 51. Nf3 Nc4 52. g4 fxg4 53. hxg4 Ke6 54. Ng5+ Kf6 55. Kg3 Nd2 56. Kf2 Nc4 57. Ne4+ Ke6 58. Kf3 Nb6 59. Ng5+ Kf6 60. Ke4 Nc4 61. Nf3 Ke6 62. Nd4+ Kf6 63. g5+ Kf7 64. Nc6 Ke6 65. Ne5 Nd6+ 66. Kf3 Kf5 67. Nc6 Ke6 68. Kg4 Nf5 69. Ne5 Ne7 70. Nxg6 Nxg6 71. f5+ Kf7 72. Kh5 Kg7 73. fxg6 Kg8 74. g7 Kxg7 75. g6 Kg8 76. Kh6 Kh8 77. g7+ Kg8 78. Kg6 1/2-1/2

[Event "NOR-ch Master"]
[Site "Larvik"]
[Date "2019.07.12"]
[Round "8"]
[White "Laverton, Christian"]
[Black "Skagseth, Havard M"]
[Result "1-0"]
[WhiteElo "2115"]
[BlackElo "2002"]
[PlyCount "53"]
[EventDate "2019.07.05"]
[EventType "swiss"]
[EventRounds "9"]
[EventCountry "NOR"]
[SourceTitle "EXT 2024"]
[Source "ChessBase"]
[SourceDate "2023.10.10"]
[SourceVersion "1"]
[SourceVersionDate "2023.10.10"]
[SourceQuality "1"]

1. d4 Nf6 2. Nf3 d5 3. g3 e6 4. Bg2 Be7 5. c4 0-0 6. 0-0 dxc4 7. Qc2 a6 8. Qxc4 b5 9. Qc2 Bb7 10. Bg5 Nbd7 11. Nbd2 Rc8 12. Bxf6 Nxf6 13. Nb3 Be4 14. Qc1 Nd7 15. Rd1 c5 16. dxc5 Qc7 17. Qe3 Bc2 18. Rdc1 Bxb3 19. axb3 Bxc5 20. Qd2 Qb6 21. e3 Rfd8 22. b4 Bf8 23. Rxc8 Rxc8 24. Qxd7 Rd8 25. Rxa6 Qb8 26. Qa7 Qc8 27. Ra1 1-0

[Event "NOR-chT Club"]
[Site "Drammen"]
[Date "2019.06.02"]
[Round "5.4"]
[White "Hagen, Brede Andre Larsen"]
[Black "Laverton, Christian"]
[Result "1/2-1/2"]
[WhiteElo "2041"]
[BlackElo "2115"]
[PlyCount "80"]
[EventDate "2019.05.30"]
[EventType "team-swiss"]
[EventRounds "6"]
[EventCountry "NOR"]
[SourceTitle "CBM 190 Extra"]
[Source "ChessBase"]
[SourceDate "2019.07.15"]
[SourceVersion "1"]
[SourceVersionDate "2019.07.15"]
[SourceQuality "1"]
[WhiteTeam "Levanger"]
[BlackTeam "Trondheim"]
[WhiteTeamCountry "NOR"]
[BlackTeamCountry "NOR"]

1. e4 c5 2. Nf3 e6 3. d4 cxd4 4. Nxd4 Nc6 5. Nc3 Qc7 6. Be3 a6 7. Be2 Nf6 8. 0-0 Bb4 9. Na4 Be7 10. Nxc6 bxc6 11. Nb6 Rb8 12. Nxc8 Qxc8 13. Bd4 c5 14. Be5 Rb6 15. b3 d6 16. Bb2 0-0 17. Qd3 Rd8 18. Qe3 d5 19. e5 d4 20. Qg3 Nd5 21. Bc4 Nb4 22. c3 dxc3 23. Bxc3 Rb8 24. f4 Nd5 25. Ba5 Rd7 26. Rad1 Qc6 27. Qf3 Bd8 28. Bc3 Bc7 29. f5 Rbd8 30. f6 g6 31. Bxd5 Rxd5 32. Rxd5 Rxd5 33. Qf4 Qe8 34. Qc4 Bxe5 35. Bxe5 Rxe5 36. Qxa6 Rd5 37. a4 Qd8 38. h3 e5 39. a5 Rd6 40. Qb5 Rxf6 1/2-1/2

[Event "Prague op-A 18th"]
[Site "Prague"]
[Date "2019.01.18"]
[Round "9"]
[White "Laverton, Christian"]
[Black "Ochedzan, Tymon"]
[Result "0-1"]
[WhiteElo "2147"]
[BlackElo "2005"]
[PlyCount "68"]
[EventDate "2019.01.11"]
[EventType "swiss"]
[EventRounds "9"]
[EventCountry "CZE"]
[SourceTitle "CBM 188 Extra"]
[Source "ChessBase"]
[SourceDate "2019.02.26"]
[SourceVersion "1"]
[SourceVersionDate "2019.02.26"]
[SourceQuality "1"]

1. d4 Nf6 2. Nf3 g6 3. c4 Bg7 4. Nc3 0-0 5. Bf4 d6 6. e3 Nh5 7. Bg5 h6 8. Bh4 g5 9. Nd2 Nf6 10. Bg3 c5 11. dxc5 dxc5 12. Be2 Nc6 13. 0-0 Bf5 14. Nb3 Nd7 15. Qd5 Be6 16. Qe4 Nf6 17. Qb1 b6 18. Bf3 Qc8 19. Nd2 Rd8 20. Rd1 g4 21. Be2 Bf5 22. e4 Bg6 23. Bd3 Nb4 24. Nf1 Qb7 25. f3 gxf3 26. gxf3 e6 27. a3 Nc6 28. Ne2 Nh5 29. Bf2 Ne5 30. Kg2 f5 31. Nfg3 Nxg3 32. Nxg3 Rxd3 33. Rxd3 fxe4 34. fxe4 Bxe4+ 0-1

[Event "Prague op-A 18th"]
[Site "Prague"]
[Date "2019.01.13"]
[Round "4"]
[White "Plischki, Sebastian"]
[Black "Laverton, Christian"]
[Result "1-0"]
[WhiteElo "2426"]
[BlackElo "2147"]
[PlyCount "121"]
[EventDate "2019.01.11"]
[EventType "swiss"]
[EventRounds "9"]
[EventCountry "CZE"]
[SourceTitle "CBM 188 Extra"]
[Source "ChessBase"]
[SourceDate "2019.02.26"]
[SourceVersion "1"]
[SourceVersionDate "2019.02.26"]
[SourceQuality "1"]

1. Nf3 d5 2. g3 Nf6 3. Bg2 Bf5 4. c4 c6 5. Qb3 Qb6 6. d3 e6 7. Be3 Qa6 8. cxd5 exd5 9. Nc3 Nbd7 10. 0-0 Be7 11. Rac1 0-0 12. Bd4 Rad8 13. e4 dxe4 14. dxe4 Nxe4 15. Nxe4 Bxe4 16. Rfe1 Bd5 17. Qc3 Bf6 18. Bf1 Bxd4 19. Nxd4 Qb6 20. Nf5 Nf6 21. g4 Be6 22. Nxg7 Kxg7 23. g5 Qd4 24. gxf6+ Qxf6 25. Bc4 Qxc3 26. Rxc3 Kf6 27. Rf3+ Ke7 28. Rh3 Rg8+ 29. Kf1 Rg7 30. Bxe6 fxe6 31. Rh6 Rd6 32. Re3 Rf7 33. Ke2 Rd5 34. Rhxe6+ Kd7 35. R6e5 Rd6 36. Rh3 Rdf6 37. f3 Re6 38. Rxe6 Kxe6 39. Ke3 a5 40. Ke4 Rg7 41. f4 Re7 42. Rh6+ Kf7+ 43. Kf5 Kg7 44. Rd6 c5 45. Rb6 a4 46. a3 Rc7 47. Ke6 Rf7 48. Ke5 h5 49. h4 Rc7 50. Kf5 c4 51. Kg5 Rc5+ 52. f5 c3 53. Rxb7+ Kf8 54. bxc3 Rxc3 55. Kxh5 Rxa3 56. Kg6 Rb3 57. Ra7 a3 58. Ra8+ Ke7 59. f6+ Ke6 60. Re8+ Kd7 61. f7 1-0

[Event "Ostersund Hurtigfeiden op"]
[Site "Ostersund"]
[Date "2018.08.26"]
[Round "5"]
[White "Laverton, Christian"]
[Black "Wik, Per Jonas"]
[Result "1-0"]
[WhiteElo "2105"]
[BlackElo "1435"]
[PlyCount "47"]
[EventDate "2018.08.26"]
[EventType "swiss"]
[EventRounds "7"]
[EventCountry "SWE"]
[SourceTitle "CBM 186 Extra"]
[Source "ChessBase"]
[SourceDate "2018.08.24"]
[SourceVersion "1"]
[SourceVersionDate "2018.08.24"]
[SourceQuality "1"]

1. d4 f5 2. Bg5 Nf6 3. Bxf6 exf6 4. e3 Bb4+ 5. c3 Be7 6. Bd3 d5 7. Qc2 Qd7 8. Ne2 0-0 9. Ng3 g6 10. h4 Bd6 11. Ne2 c5 12. dxc5 Bxc5 13. Nd2 Nc6 14. Nb3 Bd6 15. h5 Ne5 16. 0-0-0 a5 17. hxg6 hxg6 18. Nf4 b6 19. Nxd5 Nxd3+ 20. Qxd3 Ba6 21. Qd4 Be2 22. Nxf6+ Rxf6 23. Qxf6 Qg7 24. Rxd6 1-0

[Event "Ostersund Hurtigfeiden op"]
[Site "Ostersund"]
[Date "2018.08.26"]
[Round "6"]
[White "Lund, Terje"]
[Black "Laverton, Christian"]
[Result "1-0"]
[WhiteElo "2102"]
[BlackElo "2105"]
[PlyCount "83"]
[EventDate "2018.08.26"]
[EventType "swiss"]
[EventRounds "7"]
[EventCountry "SWE"]
[SourceTitle "CBM 186 Extra"]
[Source "ChessBase"]
[SourceDate "2018.08.24"]
[SourceVersion "1"]
[SourceVersionDate "2018.08.24"]
[SourceQuality "1"]

1. c4 e5 2. Nc3 Nc6 3. Nf3 g6 4. e3 Bg7 5. d4 d6 6. Be2 Nge7 7. d5 Nb8 8. h4 h6 9. e4 f5 10. exf5 gxf5 11. h5 Nd7 12. Nh4 Nf6 13. Ng6 Nxg6 14. hxg6 Qe7 15. Bd2 f4 16. Qc2 a6 17. a3 Qd7 18. 0-0-0 Qf5 19. Bd3 Qg4 20. g3 fxg3 21. Rdg1 Qf3 22. fxg3 Bd7 23. Rf1 Qg4 24. Bf5 Bxf5 25. Qxf5 Qxf5 26. Rxf5 0-0-0 27. Kc2 Rdf8 28. Kd3 Kd8 29. Rg1 Ng4 30. Rgf1 Rxf5 31. Rxf5 Rf8 32. Rxf8+ Bxf8 33. Ke4 Ke7 34. Kf5 Nf2 35. g4 Nh3 36. Ne4 Bg7 37. g5 hxg5 38. Nxg5 Bh6 39. g7 Bxg7 40. Nxh3 e4 41. b3 Bb2 42. a4 1-0

[Event "NOR-chT Club"]
[Site "Kristiansund"]
[Date "2017.10.21"]
[Round "3.8"]
[White "Laverton, Christian"]
[Black "Hoem, Robin"]
[Result "1/2-1/2"]
[WhiteElo "2113"]
[BlackElo "2138"]
[PlyCount "71"]
[EventDate "2017.10.20"]
[EventType "team-tourn"]
[EventRounds "6"]
[EventCountry "NOR"]
[SourceTitle "CBM 181 Extra"]
[Source "ChessBase"]
[SourceDate "2017.12.12"]
[SourceVersion "1"]
[SourceVersionDate "2017.12.12"]
[SourceQuality "1"]
[WhiteTeam "Trondheim"]
[BlackTeam "Kristiansund"]
[WhiteTeamCountry "NOR"]
[BlackTeamCountry "NOR"]

1. d4 d5 2. c4 e6 3. Nc3 Nf6 4. Bg5 Be7 5. e3 h6 6. Bh4 0-0 7. Nf3 Ne4 8. Bxe7 Qxe7 9. Qb3 c6 10. Bd3 Nxc3 11. Qxc3 dxc4 12. Bxc4 Nd7 13. 0-0 b6 14. Rad1 Bb7 15. Ne5 Nxe5 16. dxe5 Rfd8 17. f3 c5 18. a3 Qc7 19. Bb3 b5 20. Rxd8+ Rxd8 21. Rd1 Rxd1+ 22. Bxd1 a5 23. Bc2 g6 24. b4 axb4 25. axb4 c4 26. Kf2 Qe7 27. g3 Qg5 28. h4 Qe7 29. Qd2 Bc6 30. e4 Qa7+ 31. Qe3 Qa2 32. Qc3 Qa7+ 33. Kg2 Qd7 34. Kf2 Qa7+ 35. Kg2 Qd7 36. Kf2 1/2-1/2

[Event "Fagernes TV2 GM op"]
[Site "Fagernes"]
[Date "2017.04.10"]
[Round "2"]
[White "Gronnestad, Anita"]
[Black "Laverton, Christian"]
[Result "1-0"]
[WhiteElo "1966"]
[BlackElo "2159"]
[PlyCount "79"]
[EventDate "2017.04.09"]
[EventType "swiss"]
[EventRounds "9"]
[EventCountry "NOR"]
[SourceTitle "CBM 177 Extra"]
[Source "ChessBase"]
[SourceDate "2017.04.27"]
[SourceVersion "1"]
[SourceVersionDate "2017.04.27"]
[SourceQuality "1"]

1. d4 f5 2. c4 e6 3. g3 Nf6 4. Bg2 d5 5. Nf3 c6 6. 0-0 Bd6 7. b3 Qe7 8. a4 a5 9. Bb2 0-0 10. Na3 b6 11. Nc2 Bb7 12. Nce1 Na6 13. Nd3 Nb4 14. Nfe5 Rac8 15. Rc1 c5 16. Nxb4 axb4 17. e3 g6 18. Qe2 Ne4 19. Rfd1 Rfd8 20. f3 Nf6 21. Rc2 Bb8 22. Qf2 Nd7 23. Nxd7 Rxd7 24. dxc5 bxc5 25. Rcd2 Rcd8 26. Bf1 dxc4 27. Rxd7 Rxd7 28. Rxd7 Qxd7 29. Bxc4 Qd1+ 30. Kg2 Bd5 31. a5 g5 32. h3 h5 33. Qf1 Qc2+ 34. Qf2 Qd1 35. Qf1 Qxf1+ 36. Kxf1 Bxc4+ 37. bxc4 Bxg3 38. f4 gxf4 39. a6 fxe3 40. a7 1-0

[Event "Prague op 16th"]
[Site "Prague"]
[Date "2017.01.15"]
[Round "4"]
[White "Solozhenkin, Evgeniy"]
[Black "Laverton, Christian"]
[Result "1-0"]
[WhiteElo "2452"]
[BlackElo "2121"]
[PlyCount "119"]
[EventDate "2017.01.13"]
[EventType "swiss"]
[EventRounds "9"]
[EventCountry "CZE"]
[SourceTitle "CBM 176 Extra"]
[Source "ChessBase"]
[SourceDate "2017.03.02"]
[SourceVersion "1"]
[SourceVersionDate "2017.03.02"]
[SourceQuality "1"]

1. d4 d5 2. Nf3 Nf6 3. c4 c6 4. Qb3 dxc4 5. Qxc4 Bf5 6. g3 e6 7. Bg2 Be7 8. 0-0 0-0 9. Nc3 Nbd7 10. e3 Qa5 11. Nh4 Bg4 12. h3 Bh5 13. e4 Ne8 14. Nf3 Bxf3 15. Bxf3 e5 16. d5 Nd6 17. Qe2 Nc5 18. Be3 Rfd8 19. Rfc1 Rac8 20. dxc6 bxc6 21. Bxc5 Qxc5 22. Nd5 cxd5 23. Rxc5 Rxc5 24. exd5 Bf6 25. Rd1 g6 26. Qe3 Rc2 27. Qxa7 Rxb2 28. a4 e4 29. Bg2 Rb7 30. Qa6 Rdd7 31. Bf1 Be5 32. Bb5 Rdc7 33. Bc6 Rb2 34. Qa5 Rc8 35. Qe1 Rcb8 36. Qe3 Ra2 37. Qg5 f6 38. Qe3 Rbb2 39. Bd7 Kg7 40. Rc1 Re2 41. Qa7 Kh6 42. Bg4 Nb5 43. Qc5 Rxf2 44. Qe3+ Kg7 45. axb5 Rg2+ 46. Kf1 Rh2 47. Qxe4 Raf2+ 48. Ke1 Bxg3 49. Qe7+ Kh6 50. Qe3+ Bf4 51. Qxf2 Rxf2 52. Kxf2 Bxc1 53. d6 Bf4 54. d7 Bc7 55. Ke3 f5 56. Kd4 fxg4 57. hxg4 Kg5 58. Kd5 h5 59. gxh5 gxh5 60. Kc6 1-0

[Event "NOR-chB"]
[Site "Tromsoe"]
[Date "2016.07.14"]
[Round "7"]
[White "Soraas, Torben"]
[Black "Laverton, Christian"]
[Result "1-0"]
[WhiteElo "2197"]
[BlackElo "2126"]
[PlyCount "73"]
[EventDate "2016.07.09"]
[EventType "swiss"]
[EventRounds "9"]
[EventCountry "NOR"]
[SourceTitle "EXT 2024"]
[Source "ChessBase"]
[SourceDate "2023.10.10"]
[SourceVersion "1"]
[SourceVersionDate "2023.10.10"]
[SourceQuality "1"]

1. e4 c6 2. d4 d5 3. exd5 cxd5 4. Bd3 Nc6 5. c3 Qc7 6. h3 Nf6 7. Nf3 g6 8. 0-0 Bg7 9. Re1 0-0 10. Ne5 Ne8 11. Bf4 Nd6 12. Nd2 Nxe5 13. Bxe5 Be6 14. Nf3 Bxe5 15. Rxe5 Nc4 16. Bxc4 dxc4 17. Ng5 Bc8 18. Qe2 e6 19. Re1 b6 20. Qe4 Qb7 21. Nxh7 Qxe4 22. Nf6+ Kg7 23. Nxe4 f6 24. Rb5 Ba6 25. Rb4 Rfd8 26. Nd2 e5 27. Nf3 exd4 28. Nxd4 Kf7 29. Ra4 Bb7 30. Rxc4 Rd7 31. Nb3 Rh8 32. Rd4 Rc7 33. Rd6 Bc8 34. Nd4 Rc5 35. Nc6 g5 36. Re7+ Kg6 37. Rxa7 1-0

[Event "NOR-chB"]
[Site "Tromsoe"]
[Date "2016.07.12"]
[Round "5"]
[White "Stanford, Sheila Barth"]
[Black "Laverton, Christian"]
[Result "1/2-1/2"]
[WhiteElo "2202"]
[BlackElo "2126"]
[PlyCount "101"]
[EventDate "2016.07.09"]
[EventType "swiss"]
[EventRounds "9"]
[EventCountry "NOR"]
[SourceTitle "EXT 2024"]
[Source "ChessBase"]
[SourceDate "2023.10.10"]
[SourceVersion "1"]
[SourceVersionDate "2023.10.10"]
[SourceQuality "1"]

1. e4 c5 2. Nf3 Nc6 3. d4 cxd4 4. Nxd4 Nf6 5. Nc3 e6 6. Be3 Bb4 7. Bd3 0-0 8. 0-0 Ne5 9. h3 d5 10. Bg5 Bxc3 11. bxc3 Nxd3 12. cxd3 dxe4 13. dxe4 e5 14. Nb5 Be6 15. Qf3 Qb6 16. Bxf6 gxf6 17. Rfb1 Bd7 18. Nd4 Qa6 19. Nf5 Bxf5 20. Qxf5 Rac8 21. Rb3 Rc4 22. Re1 Rb8 23. Re3 Qe6 24. Rg3+ Kh8 25. Qh5 b6 26. Qh6 Rg8 27. Rxg8+ Kxg8 28. Rb1 Rxc3 29. Rd1 Rc8 30. Rd3 Kh8 31. Qd2 Qc6 32. Qe2 Qc1+ 33. Kh2 Qc6 34. Rd5 Qe6 35. Qd2 Kg7 36. Rd7 Rc4 37. Rxa7 Rxe4 38. Ra8 Rd4 39. Qc2 Qc4 40. Qb2 Qd5 41. Qa3 Qe4 42. Qf8+ Kg6 43. Qg8+ Kh6 44. Qf8+ Kg6 45. Qg8+ Kh6 46. Ra3 Rd3 47. Rxd3 Qxd3 48. Qxf7 Qf5 49. Qf8+ Kg6 50. Qg8+ Kh6 51. Qf8+ 1/2-1/2

[Event "NOR-chB"]
[Site "Tromsoe"]
[Date "2016.07.09"]
[Round "1"]
[White "Laverton, Christian"]
[Black "Kvisla, Johannes Luangtep"]
[Result "1-0"]
[WhiteElo "2126"]
[BlackElo "2316"]
[PlyCount "221"]
[EventDate "2016.07.09"]
[EventType "swiss"]
[EventRounds "9"]
[EventCountry "NOR"]
[SourceTitle "EXT 2024"]
[Source "ChessBase"]
[SourceDate "2023.10.10"]
[SourceVersion "1"]
[SourceVersionDate "2023.10.10"]
[SourceQuality "1"]

1. d4 e6 2. c4 Nf6 3. Nf3 Bb4+ 4. Nbd2 0-0 5. a3 Be7 6. e4 d5 7. e5 Nfd7 8. b4 a5 9. b5 c5 10. Bb2 Nb6 11. Bd3 N8d7 12. Qc2 h6 13. 0-0 dxc4 14. Nxc4 Nd5 15. Rfd1 b6 16. Nfd2 Bb7 17. Ne4 Nf4 18. f3 Nxd3 19. Qxd3 Bd5 20. Rac1 Ra7 21. a4 Qb8 22. Ncd6 f5 23. Nc3 Bb3 24. Re1 Bxd6 25. exd6 Qxd6 26. Ne2 c4 27. Qe3 f4 28. Qe4 Rf7 29. Ra1 Rc7 30. Ba3 Qd5 31. Qxd5 exd5 32. Nc3 Nf6 33. Bd6 Rb7 34. Bxf4 Rfd7 35. Re2 Kf7 36. Be5 Nh7 37. Rae1 Rd8 38. Kf2 Nf8 39. Bf4 Ng6 40. Bc1 Re7 41. Rxe7+ Nxe7 42. Re5 Ng6 43. Re2 Rd7 44. g3 Nf8 45. Re5 Ng6 46. Re2 Ne7 47. Re5 Bc2 48. g4 Ng6 49. Re1 Re7 50. Rxe7+ Nxe7 51. Ba3 Nc8 52. Ke3 Ke6 53. h4 g6 54. Bf8 h5 55. Kf4 hxg4 56. fxg4 Bd3 57. Kg5 Bc2 58. h5 gxh5 59. Kxh5 Kf7 60. Ba3 Na7 61. Bc1 Nc8 62. Bf4 Ne7 63. Bc7 Nc8 64. Kh6 Be4 65. Kg5 Bc2 66. Kf4 Ke6 67. Kg5 Kf7 68. Kh6 Be4 69. g5 Ne7 70. g6+ Bxg6 71. Bxb6 Bc2 72. Kg5 Nf5 73. Nxd5 Ke6 74. Nc3 Ne7 75. Bxa5 Nd5 76. b6 Nf6 77. d5+ Ke5 78. b7 Nd7 79. Bb4 Bxa4 80. Nxa4 Kxd5 81. Nb6+ Kc6 82. Nxd7 Kxb7 83. Kf4 Kc6 84. Ne5+ Kb6 85. Ke4 c3 86. Bxc3 Kb5 87. Kd5 Kb6 88. Nc4+ Kb5 89. Bd2 Ka6 90. Kc6 Ka7 91. Bf4 Ka8 92. Nb6+ Ka7 93. Bd6 Ka6 94. Bb8 Ka5 95. Nd5 Ka4 96. Kc5 Kb3 97. Nb4 Kc3 98. Bf4 Kb3 99. Be5 Ka4 100. Kc4 Ka3 101. Nd3 Ka4 102. Bc7 Ka3 103. Bb6 Ka4 104. Nb2+ Ka3 105. Kc3 Ka2 106. Bc5 Ka1 107. Kc2 Ka2 108. Nd3 Ka1 109. Bb4 Ka2 110. Nc1+ Ka1 111. Bc3# 1-0

[Event "NOR-chT 1516"]
[Site "Norway"]
[Date "2016.03.06"]
[Round "9.2"]
[White "Gunnesdal, Lars"]
[Black "Laverton, Christian"]
[Result "0-1"]
[WhiteElo "2102"]
[BlackElo "2104"]
[PlyCount "58"]
[EventDate "2015.10.30"]
[EventType "team-tourn"]
[EventRounds "9"]
[EventCountry "NOR"]
[SourceTitle "EXT 2017"]
[Source "ChessBase"]
[SourceDate "2016.10.25"]
[SourceVersion "1"]
[SourceVersionDate "2016.10.25"]
[SourceQuality "1"]
[WhiteTeam "Asker"]
[BlackTeam "Trondheim"]
[WhiteTeamCountry "NOR"]
[BlackTeamCountry "NOR"]

1. e4 c5 2. Nf3 e6 3. d4 cxd4 4. Nxd4 Nc6 5. Nc3 Qc7 6. Be3 a6 7. Qd2 Nf6 8. f3 b5 9. Nb3 Be7 10. 0-0-0 0-0 11. Kb1 Rd8 12. Qf2 Rb8 13. g4 Ne5 14. Ka1 d6 15. g5 Nfd7 16. h4 Bb7 17. h5 b4 18. Nb1 d5 19. Be2 dxe4 20. f4 Nf3 21. Bxf3 exf3 22. Nd4 Bd5 23. Nf5 Bc5 24. g6 fxg6 25. hxg6 hxg6 26. Rxd5 exd5 27. Nxg7 Kxg7 28. Bd4+ Bxd4 29. Qxd4+ Nf6 0-1